Statistics for Pokemon Quiz

Click here to take the quiz!

General Stats

  • This quiz has been taken 14 times
  • The average score is 4 of 5

Answer Stats

QuestionAnswer% Correct
How many pokemon are in The KANTO region.151
100%
What Pokemon evolves into pikachu?Pichu
100%
Is Pinsir a Pokemon?Yes
100%
What are the 3 starter pokemon in the kalos region?Froakie,Fennekin,chespin.
79%
How many eevee evolutions are there?9
57%

Score Distribution

Percentile by Number Answered

Percent of People with Each Score

Your Score History

You have not taken this quiz